Statistics for Australian National Sports Teams Nicknames

Click here to take the quiz!

General Stats

  • This quiz has been taken 104 times
  • The average score is 7 of 14

Answer Stats

HintAnswer% Correct
Men's Association FootballSocceroos
92%
Men's Rugby UnionWallabies
91%
Men's Rugby LeagueKangaroos
76%
Women's Association FootballMatildas
74%
NetballDiamonds
69%
Men's BasketballBoomers
67%
Women's Field HockeyHockeyroos
58%
Women's BasketballOpals
51%
Men's Field HockeyKookaburras
40%
Women's Rugby LeagueJillaroos
34%
Women's Rugby UnionWallaroos
22%
Men's Water PoloSharks
19%
Women's Water PoloStingers
6%
Ice HockeyMighty Roos
2%

Score Distribution

Percentile by Number Answered

Percent of People with Each Score

Your Score History

You have not taken this quiz